Piloti Vincitori dei Gran Premi di Formula 1 2002 - Statistics

Statistiche generali
  • Questo quiz è stato fatto 20 volte
  • Il punteggio medio è 16 su 17
Statistiche sulle risposte
Gran Premio Vincitore % Corretto
Gran Premio d'Australia Michael Schumacher
100%
Gran Premio del Brasile Michael Schumacher
100%
Gran Premio di San Marino Michael Schumacher
100%
Gran Premio di Spagna Michael Schumacher
100%
Gran Premio d'Austria Michael Schumacher
100%
Gran Premio del Canada Michael Schumacher
100%
Gran Premio di Gran Bretagna Michael Schumacher
100%
Gran Premio di Francia Michael Schumacher
100%
Gran Premio di Germania Michael Schumacher
100%
Gran Premio del Belgio Michael Schumacher
100%
Gran Premio del Giappone Michael Schumacher
100%
Gran Premio della Malesia Ralf Schumacher
100%
Gran Premio d'Europa Rubens Barrichello
90%
Gran Premio d'Ungheria Rubens Barrichello
90%
Gran Premio d'Italia Rubens Barrichello
90%
Gran Premio degli Stati Uniti Rubens Barrichello
90%
Gran Premio di Monaco David Coulthard
55%
Nessun quiz corrispondente trovato
Distribuzione punteggi
Percentuale di utenti per punteggio
Percentile per numero di risposta
I tuoi punteggi nel tempo
Non hai fatto questo quiz